Auto audio : Choosing, installing, and maintaining car stereo systems
Αποθηκεύτηκε σε:
| Κύριος συγγραφέας: | |
|---|---|
| Μορφή: | Βιβλίο |
| Γλώσσα: | Undetermined |
| Έκδοση: |
New York
McGraw-Hill
2000
|
| Θέματα: | |
| Ετικέτες: |
Προσθήκη ετικέτας
Δεν υπάρχουν, Καταχωρήστε ετικέτα πρώτοι!
|
| Thư viện lưu trữ: | Trung tâm Học liệu Trường Đại học Cần Thơ |
|---|
| LEADER | 00593nam a2200217Ia 4500 | ||
|---|---|---|---|
| 001 | CTU_166783 | ||
| 008 | 210402s9999 xx 000 0 und d | ||
| 020 | |c 15.98 | ||
| 082 | |a 629.277 | ||
| 082 | |b Y54 | ||
| 100 | |a Yoder, Andrew R | ||
| 245 | 0 | |a Auto audio : | |
| 245 | 0 | |b Choosing, installing, and maintaining car stereo systems | |
| 245 | 0 | |c Andrew Yoder | |
| 260 | |a New York | ||
| 260 | |b McGraw-Hill | ||
| 260 | |c 2000 | ||
| 650 | |a Automobiles,Auto audio | ||
| 650 | |x Radio equipment | ||
| 904 | |i Anh Phuong, Tuyen | ||
| 980 | |a Trung tâm Học liệu Trường Đại học Cần Thơ | ||